| 000 | 00488nam a2200181Ia 4500 | ||
|---|---|---|---|
| 005 | 20250508152955.0 | ||
| 008 | 008 250505s9999 xx 000 0 hin d | ||
| 037 | _aTextual | ||
| 040 |
_aFEDL _beng _cFEDL |
||
| 041 |
_ahin _2hin |
||
| 084 |
_a920, AGR _qFEDL |
||
| 100 |
_aAgrawal Harish _9762897 |
||
| 245 | 0 | _aBharat ke mahan vegiyanik | |
| 260 |
_aDelhi, India _bAtma Ram and Sons _c1961 |
||
| 300 | _a94p. | ||
| 942 |
_cTEXL _h920, AGR |
||
| 999 |
_c1339927 _d1339927 |
||